| 000 | 00330cam a2200133u 4500 | ||
|---|---|---|---|
| 040 | _cCarP | ||
| 082 | _a369 PRA 1971 C096 Or. | ||
| 245 | 0 | 4 | _aLes Agrumes, |
| 260 |
_aParis, _bG.-P. Maisonneuve & Larose _c[1971] |
||
| 300 | _ap. cm. | ||
| 650 | 0 | _aCitrus fruits. | |
| 700 | 1 | _aPraloran, J. C., [from old catalog] | |
| 942 | _cAEDBB | ||
| 999 |
_c22346 _d22346 |
||